| 000 | 00660nam a2200265 a 4500 | ||
|---|---|---|---|
| 003 | AR-BaBNM | ||
| 005 | 20251128205435.0 | ||
| 008 | 082120s2002 ||||||||||||||000 | spa|| | ||
| 020 | _a950-755-043-7 | ||
| 040 | _cAR-BaBNM | ||
| 100 | 1 | _aMalinow, Inés | |
| 245 | 0 | 0 | _aPlan de dos |
| 260 |
_aBuenos Aires _bEdiciones Braga _c1992 |
||
| 300 | _a135 p. | ||
| 490 | 0 | _aNalidra en acuario | |
| 650 | 4 | _aLITERATURA ARGENTINA | |
| 650 | 4 | _aCUENTOS | |
| 650 | 4 | _aHISTORIAS DE AMOR | |
| 650 | 4 | _aLITERATURA CONTEMPORANEA | |
| 653 | _aNARRATIVA | ||
| 655 | _aLITERATURA | ||
| 800 | 1 |
_aMenghi, Luis Alberto _edirector |
|
| 942 | _cBK | ||
| 998 | _cMARTIN | ||
| 999 |
_c11415 _d11415 |
||